Britain's economic prospects
Gespeichert in:
| 1. Verfasser: | |
|---|---|
| Format: | Buch |
| Sprache: | Undetermined |
| Veröffentlicht: |
Washington
Brookings Institution
1968
|
| Schlagworte: | |
| Tags: |
Tag hinzufügen
Keine Tags, Fügen Sie den ersten Tag hinzu!
|
| Thư viện lưu trữ: | Trung tâm Học liệu Trường Đại học Cần Thơ |
|---|
| LEADER | 00566nam a2200205Ia 4500 | ||
|---|---|---|---|
| 001 | CTU_83443 | ||
| 008 | 210402s9999 xx 000 0 und d | ||
| 082 | |a 330.942 | ||
| 082 | |b C379 | ||
| 100 | |a Caves, Richard E. | ||
| 245 | 0 | |a Britain's economic prospects | |
| 245 | 0 | |c Richard E. Caves | |
| 260 | |a Washington | ||
| 260 | |b Brookings Institution | ||
| 260 | |c 1968 | ||
| 650 | |a Economic conditions,Great britain | ||
| 650 | |x Economic policy | ||
| 650 | |y 1964-1979 | ||
| 904 | |i QHieu(sửa) | ||
| 980 | |a Trung tâm Học liệu Trường Đại học Cần Thơ | ||